Tous les vainqueurs de la Liga - Statistiques

Statistiques générales
  • Ce quiz a été pris 381 fois
  • Le résultat moyen est 6 sur 9
Statistiques - réponses
Nombres de fois vainqueurs Réponse % Correct
35 Real Madrid
99%
26 Barcelone
97%
11 Atletico Madrid
91%
1 Séville
84%
6 Valence
79%
2 Real Sociedad
55%
1 Bétis Séville
48%
8 Athletic Bilbao
34%
1 Deportivo La Corogne
32%
Aucun quiz correspondant
Distribution des résultats
% des personnes avec chaque résultat
Percentile par nombre de réponses
Votre historique - résultats
Vous n’avez pas pris ce quiz